Música en la obra y el tiempo de Shakespeare /

Son aquí interpretadas veinticinco canciones de la época isabelina que se usaban comúnmente en el teatro de la época, algunas de las cuales aparecen citadas en concreto en obras de Shakespeare. En su mayoría son canciones de origen popular, de las que se conservan diversas versiones para laúd, mient...

Descripció completa

Guardat en:
Dades bibliogràfiques
Autor principal: Martínez, Mario Iván (voz)
Altres autors: Corona Alcalde, Antonio (ejecución musical) (ejecución musical), Dowland, John (música) (música)
Format: Audio
Idioma:anglès
Publicat: México : UNAM, Coordinación de Difusión Cultural : The Anglo Mexican Foundation, 2003, c2003
Matèries:
Etiquetes: Afegir etiqueta
Sense etiquetes, Sigues el primer a etiquetar aquest registre!

MARC

LEADER 00000njm^a2200000^a^4500
001 000186907
005 20251020000000.0
009 20260310102243.799
037 |a Acervo ITESO - Biblioteca 
041 |a SON 
041 |a ING 
082 |a 784. 03  |b MAR 
100 |a Martínez, Mario Iván  |e (voz) 
245 1 0 |a Música en la obra y el tiempo de Shakespeare /  |c Tenor M.I. Martínez ; laúd A. Corona Alcalde. 
264 4 |a México :  |b UNAM, Coordinación de Difusión Cultural :  |b The Anglo Mexican Foundation,  |c 2003, c2003 
300 |a 1 disco compacto sonoro (53 min.) +  |e 1 folleto (10 p.) 
336 |a música interpretada  |b prm  |2 rdacontenido 
337 |a audio  |b s  |2 rdamedio 
338 |a disco sonoro  |b sd  |2 rdasoporte 
520 |a Son aquí interpretadas veinticinco canciones de la época isabelina que se usaban comúnmente en el teatro de la época, algunas de las cuales aparecen citadas en concreto en obras de Shakespeare. En su mayoría son canciones de origen popular, de las que se conservan diversas versiones para laúd, mientras que sus textos sobrevivieron en pliegos sueltos compilados luego, durante los siglos XVII y XVIII. Varias de las piezas son de John Dowlands, uno de los principales representantes de la música renacentista inglesa. 
649 |a XX 
650 |a Músicos Ingleses 
650 |a Músicos Mexicanos 
650 |a Artistas Ingleses 
650 |a Artistas Mexicanos 
650 |a Laúd 
650 |a Instrumentos de Cuerda 
650 |a Canción (Música de Concierto) -  |z Inglaterra 
650 |a Música Popular -  |z Inglaterra 
650 |a Música Vocal -  |z Inglaterra 
650 |a Música Renacentista -  |z Inglaterra 
650 |a Música de Concierto -  |z Inglaterra 
650 |a Música Inglesa 
650 |a Música Inglesa -  |x Intérpretes Mexicanos 
650 |a Música y Literatura 
650 |a Shakespeare, William 
650 |a Dowland, John 
650 |a Martínez, Mario Iván 
650 |a Corona Alcalde, Antonio 
700 |a Corona Alcalde, Antonio  |e (ejecución musical) 
700 |a Dowland, John  |e (música) 
910 |a Fondo General 
920 |a Sonoros - CDs 
940 |a CDs de Música 
905 |a 401 
901 |a 0500128777  |b IT2  |c CDM  |u 20250521 
901 |a 0500128799  |b IT2  |c MIM  |u 20251020 
902 |a https://opac.biblio.iteso.mx/vufind/Record/000186907